[Event "AUTO-BEG-114"]
[Site "http://www.queenalice.com/game.php?id=230198"]
[Date "2007.6.25"]
[Round "1"]
[White "capan"]
[Black "PedroNRF"]
[Result "0-1"]
[WhiteElo "1212"]
[BlackElo "1577"]

1. e4 d5 2. exd5 Qxd5 3. Nc3 Qe6+ 4. Be2 b6 5. Nf3 c5 6. d4 cxd4 7. Nxd4 Qg6 8.
Bf3 Bg4 9. Bxg4 e5 10. Ndb5 Na6 0-1

[Event "AUTO-OPEN-1357"]
[Site "http://www.queenalice.com/game.php?id=503142"]
[Date "2008.12.5"]
[Round "1"]
[White "thw"]
[Black "capan"]
[Result "0-1"]
[WhiteElo "1884"]
[BlackElo "1154"]

1. e4 e5 2. Nf3 d6 3. Bc4 Be7 4. d4 exd4 5. Nxd4 Nf6 6. Nc3 O-O 7. Be3 a6 8. Qd2
b5 9. Bb3 b4 10. Nd5 Nxe4 11. Qxb4 c5 0-1

[Event "AUTO-OPEN-1357"]
[Site "http://www.queenalice.com/game.php?id=503143"]
[Date "2008.12.5"]
[Round "1"]
[White "capan"]
[Black "thw"]
[Result "1-0"]
[WhiteElo "1154"]
[BlackElo "1861"]

1. e4 e6 2. d4 d5 3. Nc3 Nf6 4. Bg5 Be7 5. exd5 exd5 6. Nf3 O-O 7. Be2 h6 8. Bf4
c6 9. O-O Bf5 10. Re1 Nbd7 11. h3 Re8 12. Bd3 Bb4 13. Bxf5 Qa5 14. Bd2 Rxe1+ 15.
Qxe1 Re8 16. Qf1 1-0

[Event "AUTO-OPEN-1357"]
[Site "http://www.queenalice.com/game.php?id=503172"]
[Date "2008.12.5"]
[Round "1"]
[White "capan"]
[Black "Enrico"]
[Result "1-0"]
[WhiteElo "1154"]
[BlackElo "1772"]

1. c4 e5 2. Nc3 Nf6 3. g3 Bc5 4. Bg2 d6 5. e3 c6 6. Nge2 Be6 7. Qb3 Bb6 8. d4
Nbd7 9. O-O Rb8 10. d5 cxd5 11. cxd5 Bf5 12. e4 Bg6 13. Qc2 Nc5 14. Bg5 h6 15.
Be3 Ng4 16. Bxc5 Bxc5 17. Na4 b6 18. Nxc5 bxc5 19. Qa4+ Qd7 20. Qxd7+ Kxd7 21.
b3 Rb4 22. Nc3 c4 23. bxc4 Rxc4 24. Rfc1 Rhc8 25. Ne2 Nf6 26. Bh3+ 1-0

[Event "AUTO-OPEN-1357"]
[Site "http://www.queenalice.com/game.php?id=503173"]
[Date "2008.12.5"]
[Round "1"]
[White "Enrico"]
[Black "capan"]
[Result "1-0"]
[WhiteElo "1768"]
[BlackElo "1138"]

1. e4 c6 2. Nc3 d5 3. exd5 cxd5 4. d4 Nf6 5. Bg5 e6 6. Bb5+ Bd7 7. Bxd7+ Nbxd7
8. Nf3 Bb4 9. Qd3 Rc8 10. O-O Bxc3 11. bxc3 O-O 12. Rab1 Qc7 13. Bxf6 Nxf6 14.
Rb3 Ne4 15. a3 Nxc3 16. Ng5 g6 17. f3 a6 18. Re1 Nb5 19. Rc1 Qc4 20. Qxc4 Rxc4
21. Rd3 Nxd4 22. Kf2 Rxc2+ 23. Rxc2 Nxc2 24. Rc3 Nd4 25. Rc7 h6 26. Nh3 Rb8 27.
Nf4 Nb5 28. Rc1 Nxa3 29. h4 a5 30. Ra1 1-0

[Event "AUTO-OPEN-1357"]
[Site "http://www.queenalice.com/game.php?id=503174"]
[Date "2008.12.5"]
[Round "1"]
[White "capan"]
[Black "dahora"]
[Result "0-1"]
[WhiteElo "1138"]
[BlackElo "2157"]

1. e4 e6 2. d4 d5 3. Nd2 Nf6 4. e5 Nfd7 5. f4 c5 6. c3 Nc6 7. Ndf3 Qb6 8. g3 Be7
9. Bh3 O-O 10. Ne2 a5 11. Qc2 cxd4 12. cxd4 Bb4+ 13. Bd2 Qa6 14. a3 Bxd2+ 15.
Qxd2 Nb6 16. Rb1 Nc4 17. Qc3 Bd7 18. Nd2 b5 19. Nxc4 bxc4 20. Qc2 Qa7 21. Qc3
Rab8 22. O-O Rb3 23. Qd2 Rd3 24. Qc2 Nxd4 25. Nxd4 Qxd4+ 26. Kh1 Rd2 27. Qc3
Qe4+ 28. Qf3 Qxf3+ 29. Rxf3 Rb8 30. b4 Bc6 31. Rff1 axb4 32. axb4 c3 33. Bg2 Ba4
34. Bf3 d4 35. b5 Rb2 36. Rxb2 cxb2 37. Rb1 Rxb5 38. Bc6 Bc2 39. Bxb5 Bxb1 40.
Bc4 Be4+ 0-1

[Event "AUTO-OPEN-1357"]
[Site "http://www.queenalice.com/game.php?id=503175"]
[Date "2008.12.5"]
[Round "1"]
[White "dahora"]
[Black "capan"]
[Result "0-1"]
[WhiteElo "2172"]
[BlackElo "1138"]

1. d4 Nf6 2. c4 g6 3. Nc3 d5 4. Nf3 Bg7 5. Bf4 O-O 6. e3 c6 7. Rc1 Nbd7 8. Bd3
dxc4 9. Bxc4 Nb6 10. Bb3 Nbd5 11. Nxd5 Nxd5 12. Bg3 Bg4 13. O-O e6 14. h3 Bh5
15. Bh2 g5 16. Qe2 Qf6 17. g4 Bg6 18. Ne5 Qe7 19. Kg2 f5 20. gxf5 exf5 21. Bxd5+
cxd5 22. Qb5 Rad8 23. f4 Bxe5 24. dxe5 Be8 25. Qc5 Qxc5 26. Rxc5 g4 27. Bg3 Bc6
28. Bh4 Rc8 29. Rfc1 d4+ 30. Kf2 dxe3+ 31. Kxe3 gxh3 32. Rg1+ Bg2 33. Rxc8 Rxc8
34. Kd3 Kf7 35. Bg3 Ke6 36. Rd1 Rd8+ 37. Kc2 Be4+ 38. Kc1 Rc8+ 39. Kd2 Rc2+ 40.
Ke3 h2 41. Rd6+ Kf7 0-1

[Event "AUTO-OPEN-1463"]
[Site "http://www.queenalice.com/game.php?id=549832"]
[Date "2009.3.3"]
[Round "1"]
[White "capan"]
[Black "CCapivara"]
[Result "0-1"]
[WhiteElo "1138"]
[BlackElo "2149"]

1. e4 e5 2. Nf3 Nc6 3. Bc4 Nf6 4. Ng5 d5 5. exd5 Na5 6. Bb5+ Bd7 7. Bxd7+ Qxd7
8. Qf3 Qxd5 9. Qxd5 Nxd5 10. d3 f6 11. Ne4 O-O-O 12. Bd2 Nc6 13. Nbc3 Bb4 14.
Nxd5 Rxd5 15. O-O-O Bxd2+ 16. Rxd2 Rhd8 17. Nc3 R5d7 18. Ne2 Nd4 19. Nxd4 Rxd4
0-1

[Event "AUTO-OPEN-1463"]
[Site "http://www.queenalice.com/game.php?id=549833"]
[Date "2009.3.3"]
[Round "1"]
[White "CCapivara"]
[Black "capan"]
[Result "1-0"]
[WhiteElo "2148"]
[BlackElo "1138"]

1. e4 e5 2. f4 Bc5 3. Nf3 d6 4. Bc4 Nf6 5. Nc3 Nc6 6. d3 Bg4 7. Na4 Bb6 8. Nxb6
axb6 9. c3 O-O 10. O-O Ne7 11. fxe5 dxe5 12. Bg5 Ng6 13. Qe1 c6 14. h3 Bd7 15.
a3 b5 16. Bb3 Qb6+ 17. d4 exd4 18. cxd4 Ne8 19. h4 c5 20. h5 Nh8 21. Be7 1-0

[Event "AUTO-OPEN-1463"]
[Site "http://www.queenalice.com/game.php?id=549834"]
[Date "2009.3.3"]
[Round "1"]
[White "capan"]
[Black "manucies"]
[Result "0-1"]
[WhiteElo "1132"]
[BlackElo "1627"]

1. e4 e5 2. Nf3 Nc6 3. Bc4 d6 4. d3 Bg4 5. Bxf7+ Kxf7 6. Ng5+ Qxg5 7. Bxg5 Bxd1
8. Kxd1 h6 9. Be3 Nf6 10. Rf1 g5 11. g3 g4 12. f4 exf4 13. Rxf4 h5 14. Nc3 Bh6
15. Rxf6+ Kxf6 16. Bf2 Raf8 17. Ke2 Ne5 18. Nd5+ Kg6 0-1

[Event "AUTO-OPEN-1463"]
[Site "http://www.queenalice.com/game.php?id=549835"]
[Date "2009.3.3"]
[Round "1"]
[White "manucies"]
[Black "capan"]
[Result "0-1"]
[WhiteElo "1752"]
[BlackElo "1138"]

1. e4 e5 2. d3 Nf6 3. Nf3 Nc6 4. Bg5 Be7 5. Bxf6 Bxf6 6. Nc3 Ne7 7. d4 exd4 8.
Nxd4 Bxd4 9. Bc4 Bxc3+ 10. bxc3 d6 11. Qh5 O-O 12. O-O Ng6 13. Rad1 Be6 14. Bxe6
fxe6 15. c4 Qf6 16. Rfe1 Qxf2+ 17. Kh1 Nf4 18. Rf1 Qxg2# 0-1

[Event "AUTO-OPEN-1463"]
[Site "http://www.queenalice.com/game.php?id=549836"]
[Date "2009.3.3"]
[Round "1"]
[White "capan"]
[Black "RDario"]
[Result "0-1"]
[WhiteElo "1136"]
[BlackElo "1941"]

1. e4 c5 2. Nf3 Nc6 3. d4 cxd4 4. Nxd4 e6 5. Nc3 Bb4 6. Bd2 Bxc3 7. Bxc3 Nf6 8.
e5 Nxe5 9. Nxe6 fxe6 10. Bxe5 O-O 11. Bd6 Qa5+ 12. c3 Rf7 13. Be2 Ne4 14. O-O b6
0-1

[Event "AUTO-OPEN-1463"]
[Site "http://www.queenalice.com/game.php?id=549837"]
[Date "2009.3.3"]
[Round "1"]
[White "RDario"]
[Black "capan"]
[Result "1-0"]
[WhiteElo "1943"]
[BlackElo "1134"]

1. d4 Nf6 2. c4 g6 3. Nc3 d5 4. e3 Bg7 5. Nf3 O-O 6. h3 c5 7. Be2 cxd4 8. exd4
Nc6 9. O-O Be6 10. c5 Ne4 11. Nxe4 dxe4 12. Nd2 Qxd4 13. Nb3 Qxd1 14. Rxd1 Rfd8
15. Bf4 1-0